Fish technology : (With 78 igures, 44 in color)
Fluorescence in situ hybridization (FISH) is a procedure which allows the direct visualization localization of genomic alterations. The technique has been adapted to a wide range of applications in both medicine, especially diagnostic cytogenetics and biology. This book looks at FISH technology.
Сохранить в:
| Формат: | |
|---|---|
| Язык: | Undetermined |
| Опубликовано: |
Berlin, Germany
Spinger
2002
|
| Предметы: | |
| Метки: |
Добавить метку
Нет меток, Требуется 1-ая метка записи!
|
| Thư viện lưu trữ: | Trung tâm Học liệu Trường Đại học Cần Thơ |
|---|
| LEADER | 00910nam a2200217Ia 4500 | ||
|---|---|---|---|
| 001 | CTU_67447 | ||
| 008 | 210402s9999 xx 000 0 und d | ||
| 020 | |c 158 | ||
| 082 | |a 572.80284 | ||
| 082 | |b F532 | ||
| 245 | 0 | |a Fish technology : | |
| 245 | 0 | |b (With 78 igures, 44 in color) | |
| 245 | 0 | |c Edited by Bernd W. Rautenstrauss and Thomas Liehr | |
| 260 | |a Berlin, Germany | ||
| 260 | |b Spinger | ||
| 260 | |c 2002 | ||
| 520 | |a Fluorescence in situ hybridization (FISH) is a procedure which allows the direct visualization localization of genomic alterations. The technique has been adapted to a wide range of applications in both medicine, especially diagnostic cytogenetics and biology. This book looks at FISH technology. | ||
| 650 | |a Fluorescence in situ hybridization | ||
| 650 | |x Laboratory manuals | ||
| 904 | |i Minh, Trúc sửa | ||
| 980 | |a Trung tâm Học liệu Trường Đại học Cần Thơ | ||